000 00316nam a2200121 a 4500
005 20140414131925.0
008 101027s19uu xx 00 eng d
050 _aER
_bB23 1997
100 _aWhite, Stephen
245 _aBarney's christmas wishes.
260 _aTexas :
_bLyon's Partnership,
_c1997.
999 _c111944
_d111944